LEADER 01040nas 2200397 c 450 001 996203310103316 005 20221107142712.0 011 $a2419-7556 035 $a(CKB)1000000000526921 035 $a(OCoLC)473527408 035 $a(DE-101)026538717 035 $a(DE-599)ZDB2163370-8 035 $a(EXLCZ)991000000000526921 100 $a20041006b17971798 |y | 101 0 $afre 135 $aur||||||||||| 181 $ctxt$2rdacontent 182 $cc$2rdamedia 183 $acr$2rdacarrier 200 00$aJournal de l` Armee d` Angleterre 210 31$aParis$cImprimerie Lerigat$d1797-1798 215 $aOnline-Ressource 300 $aGesehen am 14.02.12 311 $a0249-0536 517 $aJournal de lī Armee dī Angleterre 608 $aZeitschrift$2gnd-content 676 $a900 676 $a910 676 $a940 801 0$b0355 801 1$bDE-101 801 2$b9001 906 $aJOURNAL 912 $a996203310103316 996 $aJournal de l` Armee d` Angleterre$92054144 997 $aUNISA